Ustroje polityczne państw europejskich - Statystyki

Ogólne statystyki
  • Ten quiz został rozwiązany 423 razy
  • Średni wynik to 9 z 45
Statystyki odpowiedzi
Państwo Ustrój polityczny % Poprawnych
Albania republika
92%
Andora monarchia konstytucyjna
34%
Belgia monarchia konstytucyjna
25%
Polska republika parlamentarna
25%
Wielka Brytania monarchia parlamentarna
23%
Dania monarchia konstytucyjna
21%
Finlandia republika
21%
Austria republika federalna
20%
Bułgaria republika parlamentarna
20%
Czechy republika parlamentarna
20%
Hiszpania monarchia parlamentarna
19%
Estonia republika parlamentarna
19%
Monako monarchia konstytucyjna
18%
Holandia monarchia parlamentarna
18%
Malta republika
18%
Serbia republika
18%
Słowacja republika
18%
Słowenia republika
18%
Chorwacja republika parlamentarna
18%
Czarnogóra republika parlamentarna
18%
Grecja republika parlamentarna
18%
Litwa republika parlamentarna
18%
Włochy republika parlamentarna
18%
Irlandia republika parlamentarna
17%
Kosowo republika parlamentarna
17%
Watykan monarchia absolutna
16%
Liechtenstein monarchia konstytucyjna
16%
Luksemburg monarchia konstytucyjna
16%
Norwegia monarchia konstytucyjna
16%
Szwecja monarchia parlamentarna
16%
San Marino republika
16%
Niemcy republika federalna
16%
Islandia republika parlamentarna
16%
Łotwa republika parlamentarna
16%
Macedonia Północna republika parlamentarna
16%
Mołdawia republika parlamentarna
16%
Rumunia republika parlamentarna
16%
Ukraina republika parlamentarna
16%
Węgry republika parlamentarna
16%
Białoruś republika prezydencka
16%
Francja republika semiprezydencka
15%
Rosja republika federalna
14%
Bośnia i Hercegowina republika federalna
13%
Szwajcaria republika federalna
13%
Portugalia republika semiprezydencka
10%
Nie znaleziono quizów pasujących do podanych kryteriów
Rozkład punktacji
Procent ludzi z każdym wynikiem
Percentyl według liczby udzielonych odpowiedzi
Twoja historia wyników
Nie rozwiązałeś tego quizu